000
00300nam a22001337a 4500
008
181005b xxu||||| |||| 00| 0 eng d
020
_a
0521292948
041
_a
eng
080
_a
941
100
_a
18
101
_a
HIS
245
_a
Physical Science in the Middle Ages
_c
Grant, E
942
_2
udc
_c
BK
999
_c
48896
_d
48896